| 000 | 01052cam a2200229 4500 | ||
|---|---|---|---|
| 001 | WB3823-18 | ||
| 008 | 020626n2002 000 0 eng u | ||
| 035 | _a(Sirsi) u118543 | ||
| 245 | _aAnother hurdle put in planning process | ||
| 260 | _c2002 | ||
| 490 |
_aEstates Gazette _v(0225) 22 June 2002, 42(1) |
||
| 520 | _aThe House of Lords' ruling in the "Burkett" case means that planning permission for major schemes can be overturned up to three months after full consent has been granted. The ruling means that several major developments can now be dragged back into the courts. The judgment can be found at http://www.parliament.the-stationery-office.co.uk/pa/ld200102/ldjudgmt/jd020523/burket-1.htm | ||
| 590 | _aWB | ||
| 650 | _aPLANNING PROCESS | ||
| 650 | _aMAJOR DEVELOPMENTS | ||
| 650 | _aR V HAMMERSMITH AND FULHAM LBC EX P BURKETT | ||
| 650 | _aPLANNING PERMISSION | ||
| 650 | _aPLANNING OBJECTIONS | ||
| 650 | _aHOUSE OF LORDS DECISIONS | ||
| 690 | _aENVIRONMENTAL AND LAND CONSULTANCY-PLANNING AND DEVELOPMENT | ||
| 942 | _n0 | ||
| 999 |
_c70587 _d70587 |
||